| 000 | 00648nam a2200217 a 4500 | ||
|---|---|---|---|
| 001 | 000003752 | ||
| 005 | 20260115123654.0 | ||
| 008 | 090713s1997 dr 000 0 spa d | ||
| 040 |
_aDO-SdBNP _bspa _cBNPHU |
||
| 082 |
_a302.5 _bR696v |
||
| 100 | 1 |
_aRodríguez, Julio E. _911415 |
|
| 245 | 1 | 0 |
_aViviendo en sociedad / _cJulio E. Rodríguez. |
| 260 |
_aSanto Domingo : _bCorripio, _c1997. |
||
| 300 |
_a347 p. ; _c23 cm. |
||
| 504 | _aBibliografía : p. 347 | ||
| 590 | _aInventariado, 2018/BT | ||
| 650 | 0 |
_aValores (Filosofía) _9604 |
|
| 650 | 0 |
_aÉtica _9509 |
|
| 650 | 0 |
_aValores sociales _91087 |
|
| 910 | _aValidado. Control de calidad. MFF | ||
| 999 |
_c3574 _d3574 |
||